000 00897nam a2200253 a 4500
999 _c11486
_d11486
001 11486
003 BD-JhCC
005 20220825134022.0
008 190626b 2019bg |||| ||a| 000 0 ben d
020 _a9789849382249
035 _a(BD-JhCC)11486
040 _aBD-JhCC
_dBD-JhCC
041 _aben
082 _bPIL 2019
_a658.4092
100 _aপিল্লাই, রাধাকৃষ্ণণ
245 _aকর্পোরেট চাণক্যনীতি /
_cরাধাকৃষ্ণণ পিল্লাই, অনু: ফারুক আহমেদ ।
260 _aঢাকা:
_bনালন্দা;
_c২০১৯.
300 _a৩৪৪ পৃ. :
_c২২ সেমি.
650 _aSuccess in business
650 _aManagement--Moral and ethical aspects
700 _a আহমেদ, ফারুক
942 _2ddc
_cBK
_05